| 000 | 009720000a22002650004500 | ||
|---|---|---|---|
| 003 | LK-CoMWRAF | ||
| 008 | 230817t1975 ||||| |||| 00| 0 eng d | ||
| 020 | _a0275565203 | ||
| 040 |
_aLK-CoMWRAF _dLK-CoMWRAF _eLK-CoMWRAF |
||
| 041 | _aeng | ||
| 082 |
_a301.412 _bAME |
||
| 111 |
_aAMERICAN ASSOCIATION FOR THE ADVANCEMENT OF SCIENCE SEMINAR ON 'WOMEN AND DEVELOPMENT' _c( Mexico City, Mexico _d1975) |
||
| 245 |
_aWomen and world development: _bwith an annotated bibliography |
||
| 260 |
_aNew York: _bPraeger, _c1976 |
||
| 300 |
_avii, 382 p. ; 25 cm. _bBibliography included |
||
| 490 | _aPraeger special studies in international economics and development | ||
| 650 | _aWomen--Congresses | ||
| 650 | _a Women--Bibliography | ||
| 650 | _aWomen--Employment--Developing countries | ||
| 700 |
_aTinker, Irene _eed. |
||
| 700 |
_aBo Bramsen, Michèle _eed. |
||
| 700 |
_aBuvinić, Mayra _eed. |
||
| 856 | _uhttps://pdf.usaid.gov/pdf_docs/PNAAX651.pdf | ||
| 942 | _cCP | ||
| 999 |
_c1197 _d1197 |
||